01413nam a2200289 a 4500001001000000005001700010008004100027041000800068044000700076084002000083100004500103245009500148260004300243300001900286440004100305500021400346500006300560500012500623500006500748500001100813650005200824650005600876650003400932650004500966700006201011740005001073BRCA_249220190320203832.0211108s1845----fr-#---###---#000-0dspa-u aspa afr a132b.B39c18451 aCervantes Saavedra, Miguel ded1547-161610aEl Ingenioso Hidalgo Don Quijote de la Manchaccompuesto por Miguel de Cervantes Saavedra. aParísbLibreria europea Baudryc1845 a679 p.c23 cm. 0aObras de M. de Cervantes Saavedran1 aContenido : v 1. Primera parte. Vida de Cervantes por M.F. de Navarrete. Dedicatoria del autor. Prólogo del autor. Versos preliminares. Texto. Segunda parte. Dedicatoria del autor. Prólogo del autor. Texto aEdición :Con la vida de Cervantes por M. F. de Navarrete aReimpresión de la edición de 1840 del mismo editor. Semipiel; lomeras decoradas con adornos dorados Lúdovik Osterc aEstado físico : Lomo deteriorado, ligeramente desesperadio aQFM11314aNovela españolayÉpoca clásica, 1500-170014aLiteratura españolayÉpoca clásica, 1500-170014aNovela españolaySiglo XVII14aDon Quijote (Personaje ficticio)eNovela1 aFernández de Navarrete, Martínd1765-1844eBiógrafo0 aEl Ingenioso Hidalgo Don Quijote de la Mancha